000 02004nam0a2200385 4500
001 RU\NLR\bibl\22177
005 20250615015442.0
010 _a5-211-03699-9
_95000
021 _aRU
_b99-3249
_9154
035 _a(NLR Aleph) 000021611
090 _a99940
_c99940
100 _a19990414d1998 |||y0rusy50 ca
101 0 _arus
102 _aRU
105 _ay |||||||||
200 1 _a"Война и мир" Л.Толстого
_eВ помощь преподавателям, старшеклассникам и абитуриентам
_fВ.Я.Линков
210 _aМ.
_cИзд-во МГУ
_d1998
215 _a103 с.
_d20
225 1 _aПеречитывая классику
_fРедкол.: В.А.Недзвецкий, д.филол.н., проф. (пред.) и др.
300 _aНа 2-й с. обл. загл. сер.: Перечитывая классику. В помощь преподавателям, страшеклассникам и абитуриентам
320 _aБиблиогр. в подстроч. примеч.
604 _1700#1$aТолстой$gЛев Николаевич$bЛ.Н.$f1828 - 1910
_1500##$3RU\NLR\AUTH\661092635$a"Война и мир"$xИзучение в школе$2nlr_sh1$2nlr_sh2
_aТолстой, Лев Николаевич (1828 - 1910)
_t"Война и мир"
_xИзучение в школе
_91776190
_3RU\NLR\AUTH\661092635
604 _1700#1$aТолстой$bЛ. Н.$gЛев Николаевич$4070
_150010$aВойна и мир$2psbo
_aТолстой, Лев Николаевич
_tВойна и мир
686 _aШ9
_bШ5(2=Р)5-4Толстой
686 _aЧ426.21,6(2)315.8Толстой
700 1 _aЛинков
_bВ. Я.
_gВладимир Яковлевич
_4070
801 0 _aRU
_bNLR
_c19990414
_gPSBO
801 1 _aRU
_bNLR
_c19990414
830 _aАвт. по кн.
852 _aNLR
_j99-3/1553
942 _cBOOK
980 _aNB